000 00865nam a2200253Ia 4500
003 GCL
005 20240530102339.0
008 140319s9999 xx 000 0 ara d
040 _aGCL /
_cGCL
082 0 4 _a953.09
_bق/ا ت
100 1 _aابراهيم حليم
245 1 0 _aتاريخ الدولة العثمانية العلية /
_cابراهيم حليم
260 _a[S.N] :
_bمؤسسة الكتب الثقافية ،
_c1988
300 _a267 ص
650 0 4 _aتاريخ
650 0 4 _aالاحوال السياسية
650 0 4 _aالعلاقات الخارجية
650 0 4 _aالامبراطورية العثمانية
650 0 4 _aعصر الازدهار
650 0 4 _aالحركات الانفصالية
650 0 4 _aاوربا
650 0 4 _aالعالم العربى - تاريخ - العصر العثمانى
942 _2ddc
_cBK
999 _c31592
_d31592